000
00304nam a22001337a 4500
020
_a
978-0070494848
041
_a
ENG
100
_a
Sarkar .B.K
245
_a
Strength Of Materials Through Problems
260
_a
Delhi
_b
Allied Publishers Limited
_c
1997
300
_a
595
650
_a
FS
856
_u
FS
999
_c
788
_d
788